000 01831nam a22002297a 4500
999 _c765
_d765
003 AR-CdUCM
008 190225b ||||| |||| 00| 0 spa d
040 _aMUNICIPALIDAD PROVINCIAL DEL CUSCO
_cBIBLIOTECA MUNICIPAL DEL CUSCO
082 _a086.802 /
_bL91
245 _aTeatro /
260 _aBuenos Aires :
_bLosada,
_c1959.
300 _atomos ;
_c25cm.
500 _aGran teatro del mundo
505 _aContenido: t.1.- Piezas negras -- El armiño -- La salvaje -- El viajero sin equipaje -- Eurídice (Jean Anouilh) -- t.2.- Los novios del Havre -- El soldado y la hechicera -- Las noches de la cólera (Armand Salacrou) - t.3.- La parodia -- La Invasión -- La grande y la pequeña maniobra -- El profesor Taranne -- Todos contra todos (Arthur Adamov) -- t.4.- Gas -- Un día de octubre -- De la mañana a la medianoche (Georg Kaiser) -- t.5.- Roma ya no está en Roma -- Un hombre de Dios -- El emisario (Gabriel Marcel) -- t.6.- En la ardiente oscuridad -- Madrugada -- Hoy es fiesta -- Las cartas boca abajo (Antonio Buero Vallejo) -- t.7.- Los padres terribles -- Los monstruos sagrados -- La máquina de escribir (Jean Cocteau) -- t.8.- Baco -- Los Novios de la Torre Eiffel -- Los Caballeros de la Mesa Redonda (Jean Cocteau) -- t.9.- Juventud de dos guerras -- La enfermedad de la juventud -- Los criminales -- Las razas (Ferdinand Bruckner) -- t.10.- El extraño jinete -- La balada del gran macabro -- tres actores, un drama.. -- Cristobal Colon -- Las mujeres ante el sepulcro -- La farsa de los tenebrosos (Michel de Ghelderode) -- t.11.- Los Secuestrados de Altona (Jean-Paul Sartre)
650 _aTeatro
_944060
650 _aLiteratura
_983
650 _aSiglo XX
_98
700 _aLehmann, Jorge C
_92934
700 _aCoco Ferraris, José Mariá
_92935
942 _2ddc
_cLIBROS
945 _apjha
_d2019-02-25